| 000 | 00458nam a2200169 a 4500 | ||
|---|---|---|---|
| 001 | 0000-8949 | ||
| 003 | ELIB.Books | ||
| 008 | 110520 1978 | ||
| 035 | _a(ELIB.Books)0000-9097 | ||
| 082 |
_a221.823 _bKai |
||
| 100 | _aKaiser, Walter C. | ||
| 245 | _aToward an Old Testament Theology | ||
| 260 |
_bGrand Rapids: Zondervan Publishing House _c1978/ 1981 |
||
| 650 | _aOld Testament | ||
| 942 |
_2ddc _cBK |
||
| 998 |
_cbat _e2011-05-20 |
||
| 999 |
_c8949 _d8949 |
||